01523nam a22003857a 4500003000500000005001700005008004100022010000800063011000900071035000800080040000900088090001000097100004400107245010300151260004000254300001100294500001100305502008100316590003700397590004100434590004100475590004100516590004100557590004100598590004200639650004700681650004300728901000700771942000900778949004000787949004500827999001300872952012500885952012701010CHAP20220329132948.0971013s1989 r 00010 d a709 a1681 a857 cCHAP aTesis00aRodríguez Rodríguez, Saúl.998859 aDiagnóstico del funcionamiento de una empresa de abastecimiento forestal en el estado de Durango aChapingo, Méx. :bEl autor,c1989 a129 h. a37-183 aTesis (Ing. Agr. Esp. en Bosques) -- UACH. División de Ciencias Forestales aALEPHb10c20130110lUCH01h1206 aBATCH-UPDb10c20130110lUCH01h0128 aBATCH-UPDb10c20130110lUCH01h2303 aBATCH-UPDb10c20130409lUCH01h2123 aBATCH-UPDb10c20130410lUCH01h1555 aBATCH-UPDb10c20130914lUCH01h0703 aCONVERSIONb10c20130109lUCH01h130214aBosquesxAdministraciónxDurango.91401414aBosquesxExtracciónxDurango.914181 aBK cFOLL bBCcTESd-10316eTS1h22731i857si bBCcTESd-69136eTS2fc.2h22732i857si c709d709 00102local4053708TESISaBCbBCcPA_TESISd2019-12-31fTESISl0p-69136r2019-12-31 00:00:00tc.2w2019-12-31yTESIS 00102local4051708TESISaBCbBCcPA_TESISd2019-12-31fTESISl0oTesisp-10316r2019-12-31 00:00:00w2019-12-31yTESIS